[Event "Sydney International Open"]
[Site "Parramatta, NSW"]
[Date "2009.04.16"]
[Round "3.41"]
[White "Rachmadi, Herman"]
[Black "Dizdarevich, Mehmedalija"]
[Result "0-1"]
[WhiteElo "1842"]
[BlackElo "2081"]
[PlyCount "100"]
[EventDate "2009.04.15"]
[EventType "swiss"]
[EventRounds "9"]
[EventCountry "AUS"]
[SourceDate "2009.04.15"]

1. d4 Nf6 2. c4 c5 3. e3 g6 4. Nf3 Bg7 5. Nc3 O-O 6. d5 d6 7. Bd3 e6 8. O-O
exd5 9. cxd5 Nbd7 10. Qc2 Ng4 11. h3 Nge5 12. Be2 Nxf3+ 13. Bxf3 Ne5 14. Be2 f5
15. Rd1 a6 16. a4 b6 17. Qb3 Rb8 18. Bf1 Kh8 19. Qc2 Qh4 20. Bd2 Rf7 21. Be1 f4
22. f3 Qg5 23. Ne4 Qe7 24. exf4 Rxf4 25. Bg3 Rf8 26. Re1 Qc7 27. Rad1 b5 28.
axb5 axb5 29. Qb3 h6 30. f4 Nf7 31. Nc3 b4 32. Ne4 Bd7 33. Nd2 Bf6 34. Nc4 Ra8
35. Bd3 Ba4 36. Qxa4 Rxa4 37. Re6 Kg7 38. f5 Qa7 39. Kh2 Ra1 40. Rd2 Rd8 41.
fxg6 Ng5 42. Ree2 Qc7 43. h4 Bd4 44. Ne3 Rf8 45. Bc2 Bxe3 46. Rxe3 Rff1 47. Bf2
Qd7 48. hxg5 Qg4 49. gxh6+ Kxh6 50. g7 Rh1# 0-1

[Event "Sydney International Open"]
[Site "Parramatta, NSW"]
[Date "2009.04.16"]
[Round "3.42"]
[White "Encel, Benjamin"]
[Black "Gibbons, Bob"]
[Result "1-0"]
[WhiteElo "1838"]
[BlackElo "2067"]
[PlyCount "65"]
[EventDate "2009.04.15"]
[EventType "swiss"]
[EventRounds "9"]
[EventCountry "AUS"]
[SourceDate "2009.04.15"]

1. e4 e5 2. Nf3 Nc6 3. d4 exd4 4. Bc4 Bc5 5. c3 d3 6. O-O d6 7. Bf4 Qf6 8. Bg5
Qg6 9. Re1 Ne5 10. Nxe5 dxe5 11. Be3 Bd6 12. Bxd3 Ne7 13. Nd2 Bh3 14. Qf3 Bg4
15. Qg3 Be6 16. Rad1 O-O 17. Qxg6 hxg6 18. Nc4 Bxc4 19. Bxc4 a6 20. a4 Rad8 21.
Bg5 Bc5 22. b4 Rxd1 23. Rxd1 Bd6 24. Rxd6 cxd6 25. Bxe7 Rc8 26. Bf1 Rxc3 27.
Bxd6 f6 28. f3 Rc6 29. Bc5 b6 30. Bc4+ Kh7 31. Bd5 bxc5 32. Bxc6 c4 33. Bd5 1-0

[Event "Sydney International Open"]
[Site "Parramatta, NSW"]
[Date "2009.04.16"]
[Round "3.43"]
[White "Chan, Jason"]
[Black "Draup, Hj Abang Azman"]
[Result "1-0"]
[WhiteElo "2056"]
[BlackElo "1725"]
[PlyCount "59"]
[EventDate "2009.04.15"]
[EventType "swiss"]
[EventRounds "9"]
[EventCountry "AUS"]
[SourceDate "2009.04.15"]

1. e4 c6 2. d3 d5 3. Nd2 e5 4. Ngf3 Bd6 5. g3 Bg4 6. Bg2 Nf6 7. h3 Bh5 8. O-O
O-O 9. Re1 Nbd7 10. exd5 cxd5 11. c4 d4 12. Qc2 Qc7 13. g4 Bg6 14. Nh4 Rae8 15.
Nxg6 fxg6 16. Nf1 a5 17. a3 b6 18. Bd2 Kh8 19. b4 Nb8 20. bxa5 b5 21. Rec1 Rc8
22. Qb2 bxc4 23. Rxc4 Qe7 24. Rxc8 Rxc8 25. Bb7 Rc7 26. a6 Nc6 27. Qb5 Qe8 28.
g5 Ng8 29. a7 Qd7 30. Bxc6 1-0

[Event "Sydney International Open"]
[Site "Parramatta, NSW"]
[Date "2009.04.16"]
[Round "3.45"]
[White "Ruan, Harry"]
[Black "Jule, Alexandra"]
[Result "0-1"]
[WhiteElo "1815"]
[BlackElo "1928"]
[PlyCount "98"]
[EventDate "2009.04.15"]
[EventType "swiss"]
[EventRounds "9"]
[EventCountry "AUS"]
[SourceDate "2009.04.15"]

1. e4 e6 2. d4 d5 3. e5 c5 4. c3 Qb6 5. Nf3 Nc6 6. Bd3 Bd7 7. Bc2 Rc8 8. a3 f6
9. b4 cxd4 10. cxd4 Qc7 11. exf6 Nxf6 12. O-O Bd6 13. Nc3 Nxd4 14. Nxd4 Qxc3
15. Ra2 O-O 16. Qd3 Qxd3 17. Bxd3 e5 18. Nf5 Bxf5 19. Bxf5 Rce8 20. Bd2 e4 21.
g3 Rf7 22. Bc3 Nd7 23. Bxd7 Rxd7 24. Rd2 Be5 25. Bxe5 Rxe5 26. Rfd1 Kf7 27. Kg2
Ke6 28. f4 exf3+ 29. Kxf3 Rf7+ 30. Kg2 g5 31. Rf2 Rxf2+ 32. Kxf2 Re4 33. Kf3
g4+ 34. Kf2 d4 35. Rc1 Kd6 36. Rc2 Re3 37. Rc4 Re4 38. Rc2 b5 39. Rc5 d3 40.
Rc3 Re2+ 41. Kf1 Re3 42. Kf2 d2 43. Kxe3 d1=Q 44. Rd3+ Qxd3+ 45. Kxd3 Kd5 46.
Ke3 Kc4 47. Ke4 Kb3 48. Kd4 Kxa3 49. Kc5 Ka4 0-1

[Event "Sydney International Open"]
[Site "Parramatta, NSW"]
[Date "2009.04.16"]
[Round "3.46"]
[White "Brockman, Roland"]
[Black "Selnes, Hamish"]
[Result "0-1"]
[WhiteElo "1764"]
[BlackElo "1921"]
[PlyCount "62"]
[EventDate "2009.04.15"]
[EventType "swiss"]
[EventRounds "9"]
[EventCountry "AUS"]
[SourceDate "2009.04.15"]

1. d4 e6 2. Nf3 f5 3. Bg5 Nf6 4. Bxf6 Qxf6 5. c3 Be7 6. Nbd2 O-O 7. e4 d6 8. e5
Qf7 9. Qc2 d5 10. O-O-O c5 11. Kb1 Nc6 12. Nb3 c4 13. Nc1 b5 14. h3 a5 15. Be2
b4 16. g4 Rb8 17. Ka1 bxc3 18. bxc3 Ba3 19. Rdg1 Qb7 20. Nb3 cxb3 21. axb3 Qxb3
22. Qxb3 Rxb3 23. Ka2 Rb2+ 24. Kxa3 Rxe2 25. gxf5 Rxf5 26. Rg3 Ne7 27. Rhg1 g6
28. R1g2 Ba6 29. Ng5 Rfxf2 30. Rxf2 Rxf2 31. Nxe6 Bc4 0-1

[Event "Sydney International Open"]
[Site "Parramatta, NSW"]
[Date "2009.04.16"]
[Round "3.47"]
[White "Tsagarakis, Angelo"]
[Black "Barisic, Frank"]
[Result "0-1"]
[WhiteElo "1919"]
[BlackElo "1615"]
[PlyCount "86"]
[EventDate "2009.04.15"]
[EventType "swiss"]
[EventRounds "9"]
[EventCountry "AUS"]
[SourceDate "2009.04.15"]

1. d4 Nf6 2. Bf4 g6 3. Nf3 Bg7 4. h3 d6 5. e3 Nc6 6. c3 O-O 7. Be2 Re8 8. O-O
Bd7 9. Bc4 d5 10. Be2 Ne4 11. Nbd2 Nxd2 12. Qxd2 a6 13. Rac1 e6 14. Rfd1 Rc8
15. Bf1 Ne7 16. b3 Nf5 17. c4 c6 18. Bd3 Nh4 19. Ne1 e5 20. dxe5 Bxe5 21. cxd5
Bxf4 22. exf4 Bxh3 23. Bf1 Bg4 24. f3 Bd7 25. d6 Re6 26. Bc4 Re8 27. Nd3 b5 28.
Bxf7+ Kxf7 29. Ne5+ Kg8 30. a4 Nf5 31. b4 Re6 32. Qa2 Kg7 33. Nxc6 Qb6+ 34. Kh2
Rxc6 35. Qb2+ Kg8 36. a5 Qb7 37. Re1 Rxe1 38. Rxe1 Rxd6 39. g4 Nd4 40. Re3
Nxf3+ 41. Kg3 Nd2 42. Re7 Qf3+ 43. Kh4 Qxg4# 0-1

[Event "Sydney International Open"]
[Site "Parramatta, NSW"]
[Date "2009.04.16"]
[Round "3.48"]
[White "Ousmand, Nizami"]
[Black "Wang, Oscar"]
[Result "1-0"]
[WhiteElo "1575"]
[BlackElo "1910"]
[PlyCount "107"]
[EventDate "2009.04.15"]
[EventType "swiss"]
[EventRounds "9"]
[EventCountry "AUS"]
[SourceDate "2009.04.15"]

1. d4 d5 2. Nf3 Nf6 3. e3 e6 4. Bd3 c5 5. c3 Nc6 6. Ne5 Bd6 7. f4 Qc7 8. O-O
O-O 9. Nd2 c4 10. Bb1 b5 11. g4 Ne8 12. g5 Nxe5 13. fxe5 Be7 14. Qh5 g6 15. Qh6
Qd8 16. Nf3 Ng7 17. Kf2 Nh5 18. e4 Re8 19. h4 Bf8 20. Qxf8+ Rxf8 21. Nh2 Bb7
22. Ng4 a5 23. Bd2 Qb6 24. a3 dxe4 25. Ke3 Rad8 26. Bc2 Bc6 27. Rf2 b4 28. Raf1
Kg7 29. Nh6 Rd7 30. a4 Ng3 31. Rb1 Nf5+ 32. Nxf5+ exf5 33. Ra1 Re8 34. Kf4 Rxe5
35. Be3 Red5 36. Kg3 bxc3 37. bxc3 Qa6 38. Rh2 Rb7 39. Rah1 Kg8 40. h5 Rdd7 41.
hxg6 fxg6 42. Rh6 Bd5 43. Bf4 Qe6 44. R1h2 Rb2 45. Be5 Ra2 46. Kf4 Ra3 47. R2h3
Bc6 48. Bd1 Bxa4 49. Bh5 Rg7 50. Bxg6 Rxg6 51. Rxh7 Kf8 52. Ra7 Be8 53. Rh8+
Rg8 54. Bg7# 1-0

[Event "Sydney International Open"]
[Site "Parramatta, NSW"]
[Date "2009.04.16"]
[Round "3.49"]
[White "Smirnov, Anton"]
[Black "Abbott, Peter"]
[Result "0-1"]
[WhiteElo "1495"]
[BlackElo "1893"]
[PlyCount "78"]
[EventDate "2009.04.15"]
[EventType "swiss"]
[EventRounds "9"]
[EventCountry "AUS"]
[SourceDate "2009.04.15"]

1. e4 e6 2. d4 d5 3. exd5 exd5 4. c4 Nf6 5. Nc3 Be7 6. Nf3 O-O 7. cxd5 Nxd5 8.
Bc4 Nxc3 9. bxc3 Bg4 10. O-O Nd7 11. h3 Bh5 12. Bf4 c5 13. dxc5 Nxc5 14. Qxd8
Rfxd8 15. g4 Bg6 16. Ne5 Rac8 17. Nxg6 hxg6 18. Be2 Bf6 19. Rac1 Nd3 20. Bxd3
Rxd3 21. c4 b6 22. Kg2 Rd4 23. Kf3 Rdxc4 24. Rxc4 Rxc4 25. Rc1 Ra4 26. Rc8+ Kh7
27. Rc2 Ra3+ 28. Kg2 g5 29. Be3 b5 30. Bc5 Ra4 31. Kf3 a5 32. Ke3 Be5 33. Kd3
f6 34. Be3 Kg6 35. f3 Kf7 36. Bc5 Ke6 37. Ke3 Kd5 38. Bf8 Bd4+ 39. Ke2 g6 0-1

[Event "Sydney International Open"]
[Site "Parramatta, NSW"]
[Date "2009.04.16"]
[Round "4.1"]
[White "Xie, George"]
[Black "Johansen, Darryl"]
[Result "1/2-1/2"]
[WhiteElo "2402"]
[BlackElo "2452"]
[PlyCount "81"]
[EventDate "2009.04.15"]
[EventType "swiss"]
[EventRounds "9"]
[EventCountry "AUS"]
[SourceDate "2009.04.15"]

1. e4 c5 2. c3 d5 3. exd5 Qxd5 4. d4 Nc6 5. Nf3 Bg4 6. Be2 cxd4 7. cxd4 e6 8.
Nc3 Qd6 9. h3 Bh5 10. d5 exd5 11. Nb5 Qd7 12. O-O Nf6 13. Bf4 Rc8 14. Ne5 Bxe2
15. Nxd7 Bxd1 16. Nxf6+ gxf6 17. Raxd1 Ne5 18. Rxd5 Rc5 19. Rfd1 Rxd5 20. Nc7+
Kd7 21. Nxd5 Ke6 22. Nc7+ Kf5 23. Be3 a6 24. Rd8 h5 25. Rb8 Nc4 26. Bc5 Bg7 27.
Rxb7 Rd8 28. g4+ hxg4 29. hxg4+ Kxg4 30. Rb4 Kf3 31. Rb3+ (31. Rxc4 Rd1+ 32.
Kh2 f5) 31... Ke4 32. Nxa6 f5 33. Ba3 Nxa3 34. Nc5+ Kd5 35. Nb7 Rc8 36. Rd3+
Kc6 37. Na5+ Kb5 38. Rxa3 Bf8 39. Rf3 Kxa5 40. Rxf5+ Bc5 41. Rxf7 1/2-1/2

[Event "Sydney International Open"]
[Site "Parramatta, NSW"]
[Date "2009.04.16"]
[Round "4.2"]
[White "Zhao, Zong Yuan"]
[Black "Satyapragyan, Swayangsu"]
[Result "1/2-1/2"]
[WhiteElo "2583"]
[BlackElo "2428"]
[PlyCount "56"]
[EventDate "2009.04.15"]
[EventType "swiss"]
[EventRounds "9"]
[EventCountry "AUS"]
[SourceDate "2009.04.15"]

1. Nf3 c5 2. c4 Nc6 3. d4 cxd4 4. Nxd4 Nf6 5. Nc3 e6 6. Ndb5 d5 7. cxd5 Nxd5 8.
e4 Nxc3 9. Qxd8+ Kxd8 10. Nxc3 Bc5 11. Bf4 Ke7 12. Rc1 b6 13. a3 Bb7 14. b4 Bd6
15. Bxd6+ Kxd6 16. f4 Ke7 17. Kf2 Rhd8 18. Ke3 Rac8 19. Bd3 Nd4 20. Ne2 e5 21.
Rxc8 Bxc8 22. fxe5 Nc6 23. Nf4 Nxe5 24. Nd5+ Kf8 25. Kd4 Nc6+ 26. Ke3 Ne5 27.
Kd4 Nc6+ 28. Ke3 Ne5 1/2-1/2

[Event "Sydney International Open"]
[Site "Parramatta, NSW"]
[Date "2009.04.16"]
[Round "4.3"]
[White "Reinderman, Dimitri"]
[Black "Rathnakaran, K."]
[Result "1-0"]
[WhiteElo "2560"]
[BlackElo "2427"]
[PlyCount "85"]
[EventDate "2009.04.15"]
[EventType "swiss"]
[EventRounds "9"]
[EventCountry "AUS"]
[SourceDate "2009.04.15"]

1. c4 e5 2. Nc3 Nf6 3. Nf3 Nc6 4. g3 g6 5. Bg2 Bg7 6. d4 exd4 7. Nxd4 O-O 8.
O-O Re8 9. Nc2 d6 10. e4 Be6 11. b3 Qd7 12. Re1 Bh3 13. Bh1 h5 14. Bb2 Ng4 15.
Qd2 Re6 16. Rad1 Rae8 17. f3 Nge5 18. Ne3 g5 19. Nf5 Bxf5 20. exf5 Rf6 21. Nd5
Rxf5 22. f4 gxf4 23. gxf4 Bh6 24. Be4 Rxf4 25. Qxf4 Bxf4 26. Nf6+ Kf8 27. Nxd7+
Nxd7 28. Bxc6 Rxe1+ 29. Rxe1 bxc6 30. Rf1 Be3+ 31. Kg2 d5 32. cxd5 cxd5 33. Rf5
d4 34. Rxh5 Ke7 35. Ra5 Ke6 36. Rxa7 c6 37. Ra8 Ne5 38. a4 f5 39. a5 f4 40.
Re8+ Kd5 41. Rxe5+ Kxe5 42. a6 Ke4 43. a7 1-0

[Event "Sydney International Open"]
[Site "Parramatta, NSW"]
[Date "2009.04.16"]
[Round "4.4"]
[White "Mas, Hafizulhelmi"]
[Black "Jones, Gawain"]
[Result "1/2-1/2"]
[WhiteElo "2425"]
[BlackElo "2550"]
[PlyCount "83"]
[EventDate "2009.04.15"]
[EventType "swiss"]
[EventRounds "9"]
[EventCountry "AUS"]
[SourceDate "2009.04.15"]

1. d4 Nf6 2. c4 g6 3. Nc3 Bg7 4. e4 d6 5. Nf3 O-O 6. Be2 e5 7. O-O Nc6 8. d5
Ne7 9. b4 c6 10. Nd2 a5 11. bxa5 c5 12. Nb3 Nd7 13. f3 f5 14. g4 Kh8 15. Bd2
Ng8 16. Qc1 Ndf6 17. h3 h5 18. exf5 gxf5 19. g5 Nh7 20. f4 h4 21. Qe1 exf4 22.
Bxf4 Re8 23. Rc1 Ne7 24. Bh5 Ng6 25. Qd2 Nxf4 26. Bxe8 Nxg5 27. Rxf4 Nxh3+ 28.
Kh1 Bh6 29. Ne2 Nxf4 30. Nxf4 Qxe8 31. Re1 Qf7 32. Qh2 Qf6 33. Nh5 Qg5 34. Qb2+
Bg7 35. Nxg7 Qxg7 36. Re8+ Kh7 37. Qe2 Kg6 38. Qg2+ Kh6 39. Qd2+ Kg6 40. Qg2+
Kh6 41. Qd2+ Kg6 42. Qg2+ 1/2-1/2

[Event "Sydney International Open"]
[Site "Parramatta, NSW"]
[Date "2009.04.16"]
[Round "4.5"]
[White "Smirnov, Vladimir"]
[Black "Kunte, Abhijit"]
[Result "1/2-1/2"]
[WhiteElo "2365"]
[BlackElo "2513"]
[PlyCount "26"]
[EventDate "2009.04.15"]
[EventType "swiss"]
[EventRounds "9"]
[EventCountry "AUS"]
[SourceDate "2009.04.15"]

1. d4 Nf6 2. Nf3 e6 3. c4 b6 4. e3 Bb7 5. Bd3 d5 6. Nbd2 Nbd7 7. b3 Be7 8. Bb2
O-O 9. O-O c5 10. Qe2 Ne4 11. Rfd1 cxd4 12. Nxd4 Ndf6 13. Rac1 Nxd2 1/2-1/2

[Event "Sydney International Open"]
[Site "Parramatta, NSW"]
[Date "2009.04.16"]
[Round "4.6"]
[White "Deepan Chakkravarthy, J."]
[Black "Lane, Gary"]
[Result "1-0"]
[WhiteElo "2482"]
[BlackElo "2371"]
[PlyCount "60"]
[EventDate "2009.04.15"]
[EventType "swiss"]
[EventRounds "9"]
[EventCountry "AUS"]
[SourceDate "2009.04.15"]

1. e4 e5 2. Nf3 Nc6 3. Bb5 a6 4. Ba4 Nf6 5. O-O Bc5 6. c3 b5 7. Bb3 d6 8. d4
Bb6 9. a4 Bg4 10. Bg5 Rb8 11. axb5 axb5 12. d5 Ne7 13. h3 Bd7 14. Nbd2 Ng6 15.
Nh4 h6 16. Nxg6 fxg6 17. Be3 g5 18. Bxb6 Rxb6 19. Bc2 O-O 20. Bd3 Rb8 21. Be2
c6 22. dxc6 Bxc6 23. Qc2 Qe8 24. Ra6 Ra8 25. Rfa1 Rxa6 26. Rxa6 Kh8 27. c4 Qd7
28. cxb5 Bxb5 29. Bxb5 Qxb5 30. Rxd6 Qe2 {Scoresheet unreadable at this point.}
1-0

[Event "Sydney International Open"]
[Site "Parramatta, NSW"]
[Date "2009.04.16"]
[Round "4.7"]
[White "Karavade, Eesha"]
[Black "Roy Chowdhury, Saptarshi"]
[Result "1/2-1/2"]
[WhiteElo "2359"]
[BlackElo "2469"]
[PlyCount "134"]
[EventDate "2009.04.15"]
[EventType "swiss"]
[EventRounds "9"]
[EventCountry "AUS"]
[SourceDate "2009.04.15"]

1. d4 g6 2. Nf3 Bg7 3. c4 d6 4. g3 Bg4 5. Bg2 c6 6. Nc3 Nf6 7. O-O O-O 8. e4
Nbd7 9. Be3 e5 10. h3 Bxf3 11. Bxf3 exd4 12. Bxd4 Re8 13. Bg2 Nc5 14. e5 Nh5
15. exd6 Qxd6 16. Bxg7 Qxd1 17. Raxd1 Kxg7 18. b4 Ne6 19. b5 Rac8 20. bxc6 bxc6
21. Rd7 Red8 22. Rxa7 Rd4 23. Na4 Nf6 24. Re1 Kg8 25. Ra6 Nd8 26. Nb6 Rb8 27.
a4 Rd6 28. a5 Ne6 29. Ra8 Rxa8 30. Nxa8 Nc5 31. Nb6 Na6 32. Nc8 Rd2 33. Ne7+
Kf8 34. Nxc6 Nd7 35. Rb1 Ra2 36. Bd5 Ndc5 37. f4 Ra3 38. Kf2 Nb3 39. Re1 Nxa5
40. Nxa5 Rxa5 41. Rb1 Nc7 42. Rb8+ Kg7 43. Bf3 Ra2+ 44. Kf1 Ra3 45. Kf2 Ra2+
46. Be2 Ne6 47. Ke3 h5 48. h4 Nc5 49. Rd8 Kf6 50. Rd5 Ne6 51. Bd3 Nc7 52. Re5
Ne6 53. Ke4 Ra1 54. Be2 Ra2 55. Bf3 Ra4 56. Be2 Ra2 57. Bd3 Ra1 58. Kd5 Ra5+
59. Kd6 Ra6+ 60. Kd5 Ra5+ 61. Ke4 Ra4 62. Rd5 Nc7 63. Rd6+ Ne6 64. Be2 Ra3 65.
Bd3 Ra1 66. Be2 Ra3 67. Bd3 Ra1 1/2-1/2

[Event "Sydney International Open"]
[Site "Parramatta, NSW"]
[Date "2009.04.16"]
[Round "4.9"]
[White "Sriram, Jha"]
[Black "Swathi, Ghate"]
[Result "1/2-1/2"]
[WhiteElo "2453"]
[BlackElo "2330"]
[PlyCount "39"]
[EventDate "2009.04.15"]
[EventType "swiss"]
[EventRounds "9"]
[EventCountry "AUS"]
[SourceDate "2009.04.15"]

1. d4 d5 2. c4 c6 3. Nf3 Nf6 4. Nc3 e6 5. Bg5 h6 6. Bh4 g5 7. Bg3 dxc4 8. e4 b5
9. Be2 Bb7 10. O-O b4 11. e5 Nh5 12. Ne4 c5 13. Nxc5 Bxc5 14. dxc5 Qxd1 15.
Raxd1 Nd7 16. Nd2 Nxg3 17. fxg3 Nxe5 18. Nxc4 Nxc4 19. Bxc4 Ke7 20. Bb5 1/2-1/2

[Event "Sydney International Open"]
[Site "Parramatta, NSW"]
[Date "2009.04.16"]
[Round "4.10"]
[White "Neelotpal, Das"]
[Black "Pon, N Krithikha"]
[Result "1-0"]
[WhiteElo "2514"]
[BlackElo "2180"]
[PlyCount "63"]
[EventDate "2009.04.15"]
[EventType "swiss"]
[EventRounds "9"]
[EventCountry "AUS"]
[SourceDate "2009.04.15"]

1. e4 Nf6 2. e5 Nd5 3. d4 d6 4. Nf3 g6 5. Bc4 c6 6. exd6 Qxd6 7. O-O Bg7 8.
Nbd2 O-O 9. Bb3 Nd7 10. Re1 e6 11. Ne4 Qc7 12. h4 N7f6 13. Ng3 h5 14. c4 Ne7
15. Bg5 b6 16. Qe2 Re8 17. Ne5 Nf5 18. Rad1 c5 19. dxc5 Nxg3 20. fxg3 Qxc5+ 21.
Kh1 Nh7 22. Nxf7 Kxf7 23. Qf3+ Kg8 24. Qxa8 Nxg5 25. hxg5 Rf8 26. Rf1 Rxf1+ 27.
Rxf1 Qc7 28. Qf3 Bb7 29. Qf4 Qd7 30. Rf2 a5 31. Rd2 Qe8 32. Qc7 1-0

[Event "Sydney International Open"]
[Site "Parramatta, NSW"]
[Date "2009.04.16"]
[Round "4.11"]
[White "Cheng, Bobby Sky"]
[Black "Ghane Gardeh, Shojaat"]
[Result "0-1"]
[WhiteElo "2103"]
[BlackElo "2415"]
[PlyCount "144"]
[EventDate "2009.04.15"]
[EventType "swiss"]
[EventRounds "9"]
[EventCountry "AUS"]
[SourceDate "2009.04.15"]

1. d4 Nf6 2. c4 e6 3. Nf3 d5 4. Bg5 Nbd7 5. e3 Bb4+ 6. Nbd2 O-O 7. a3 Be7 8. b4
Ne4 9. Bxe7 Qxe7 10. Nxe4 dxe4 11. Nd2 f5 12. Be2 a5 13. c5 e5 14. O-O exd4 15.
Bc4+ Kh8 16. exd4 Nf6 17. Qc2 Rd8 18. Qc3 Be6 19. bxa5 Nd5 20. Bxd5 Bxd5 21.
Nc4 f4 22. Ne5 Ra6 23. Rfe1 Rh6 24. g3 Rf8 25. f3 exf3 26. Ng6+ hxg6 27. Rxe7
fxg3 28. hxg3 f2+ 29. Kf1 Rh1+ 30. Ke2 Rxa1 31. Qxa1 Bc4+ 32. Kd2 f1=Q 33. Qxf1
Bxf1 34. Rxc7 Bg2 35. a6 bxa6 36. Kc3 Rf3+ 37. Kc4 Rxg3 38. c6 Rg5 39. Rc8+ Kh7
40. c7 Bh3 41. Re8 Rg1 42. Kc5 Rc1+ 43. Kb6 g5 44. d5 Bf5 45. Re5 Bd7 46. Rxg5
Kg8 47. Rg6 Kf7 48. Rc6 Rb1+ 49. Kxa6 Bc8+ 50. Ka5 g5 51. Rh6 Kg7 52. Rh5 g4
53. a4 Rb3 54. d6 Rd3 55. Kb6 Rxd6+ 56. Ka7 g3 57. Kb8 Bd7 58. Rg5+ Rg6 59. Rd5
Bh3 60. Rd1 g2 61. Rg1 Rb6+ 62. Ka7 Rb2 63. a5 Kf6 64. a6 Ke5 65. Ka8 Kd6 66.
a7 Bg4 67. c8=N+ Kc7 68. Rc1+ Kd8 69. Ne7 Bf3+ 70. Nc6+ Kc7 71. Rc2 g1=Q 72.
Rg2 Bxc6# 0-1

[Event "Sydney International Open"]
[Site "Parramatta, NSW"]
[Date "2009.04.16"]
[Round "4.12"]
[White "Akshayraj, Kore"]
[Black "Charles, Gareth"]
[Result "1-0"]
[WhiteElo "2404"]
[BlackElo "2160"]
[PlyCount "63"]
[EventDate "2009.04.15"]
[EventType "swiss"]
[EventRounds "9"]
[EventCountry "AUS"]
[SourceDate "2009.04.15"]

1. e4 c5 2. Nf3 d6 3. d4 cxd4 4. Nxd4 Nf6 5. Nc3 Nc6 6. Bg5 e6 7. Qd2 a6 8.
O-O-O h6 9. Nxc6 bxc6 10. Bf4 d5 11. Qe3 Be7 12. Be2 O-O 13. h4 Qa5 14. e5 Ne4
15. Nxe4 dxe4 16. Kb1 Rb8 17. Rh3 Qb6 18. Qxb6 Rxb6 19. h5 a5 20. Rg3 Kh8 21.
Rc3 Ba6 22. Bxa6 Rxa6 23. Rd7 Bb4 24. Rc4 Be1 25. Be3 f5 26. exf6 Rxf6 27. Bd4
e5 28. Bxe5 Rxf2 29. Bxg7+ Kg8 30. Rxe4 Rf7 31. Rxf7 Kxf7 32. Bxh6 1-0

[Event "Sydney International Open"]
[Site "Parramatta, NSW"]
[Date "2009.04.16"]
[Round "4.13"]
[White "Mahmud, Syarif"]
[Black "McNamara, Gary"]
[Result "1-0"]
[WhiteElo "2373"]
[BlackElo "2114"]
[PlyCount "65"]
[EventDate "2009.04.15"]
[EventType "swiss"]
[EventRounds "9"]
[EventCountry "AUS"]
[SourceDate "2009.04.15"]

1. d4 g6 2. e4 Bg7 3. c3 d6 4. f4 Nc6 5. Nf3 Bg4 6. h3 Bd7 7. Bd3 e5 8. d5 Nce7
9. O-O f6 10. c4 exf4 11. Bxf4 Nh6 12. Nc3 O-O 13. Qd2 Nf7 14. Rae1 c5 15. dxc6
bxc6 16. Bb1 Nc8 17. Rd1 Qa5 18. Be3 Rd8 19. Kh1 Qh5 20. Ne2 g5 21. Ng3 Qh6 22.
Nd4 Bxh3 23. gxh3 Qxh3+ 24. Qh2 Qxh2+ 25. Kxh2 Ne5 26. Bc1 Re8 27. Ndf5 Bf8 28.
Nh5 Kf7 29. Nxf6 Kxf6 30. Nxd6+ Ke7 31. Bxg5+ Kd7 32. Nxe8+ Kxe8 33. Rd8# 1-0

[Event "Sydney International Open"]
[Site "Parramatta, NSW"]
[Date "2009.04.16"]
[Round "4.15"]
[White "Dragicevic, Domagoj"]
[Black "Nakauchi, Gene"]
[Result "1-0"]
[WhiteElo "2251"]
[BlackElo "2076"]
[PlyCount "113"]
[EventDate "2009.04.15"]
[EventType "swiss"]
[EventRounds "9"]
[EventCountry "AUS"]
[SourceDate "2009.04.15"]

1. e4 c5 2. c3 d5 3. exd5 Qxd5 4. d4 Nf6 5. Nf3 e6 6. Bd3 Be7 7. O-O O-O 8. Be3
cxd4 9. cxd4 Nc6 10. Nc3 Qd6 11. a3 b6 12. b4 Bb7 13. Rc1 Rac8 14. Qe2 Rfd8 15.
Rfd1 Qb8 16. h3 h6 17. Bb1 Bf8 18. Ba2 Ne7 19. Ne5 Ned5 20. Nxd5 Nxd5 21. Qh5
Rc7 22. Rxc7 Qxc7 23. Rc1 Qe7 24. Bxd5 Bxd5 25. Rc3 g6 26. Qd1 Qb7 27. Qc1 Bxg2
28. Rc7 Qe4 29. Rxf7 Bxh3 30. Rf3 Bf5 31. Qc7 Qb1+ 32. Kg2 Be4 33. Qxd8 Bxf3+
34. Nxf3 Qf5 35. Qb8 g5 36. Qe5 Qg4+ 37. Qg3 Qe4 38. Kh3 Qd3 39. Qe5 Qc4 40.
Nd2 Qc6 41. Qe4 Qd7 42. Kg2 Bg7 43. Nf3 Kh8 44. Ne5 Bxe5 45. dxe5 Kg7 46. f4 g4
47. Kg3 Qd1 48. Bf2 h5 49. f5 exf5 50. Qxf5 Qb3+ 51. Kh4 Qxa3 52. e6 Qxb4 53.
Qf7+ Kh8 54. Bg3 Qe4 55. Qxh5+ Kg8 56. Be5 Kf8 57. Qf7# 1-0

[Event "Sydney International Open"]
[Site "Parramatta, NSW"]
[Date "2009.04.16"]
[Round "4.16"]
[White "Illingworth, Max"]
[Black "Zibaei, Abdoulla"]
[Result "0-1"]
[WhiteElo "2243"]
[BlackElo "2067"]
[Annotator "TheRealDeal"]
[PlyCount "100"]
[EventDate "2009.04.15"]
[EventType "swiss"]
[EventRounds "9"]
[EventCountry "AUS"]
[SourceDate "2009.04.15"]

1. d4 Nf6 2. c4 c5 3. d5 b5 4. Qc2 bxc4 5. e4 d6 6. Bxc4 g6 7. Nf3 Bg7 8. O-O
O-O 9. Nc3 Ba6 10. Nd2 Nfd7 11. Bxa6 Nxa6 12. Nc4 Nb4 13. Qe2 Nb6 14. Ne3 Qc8
15. a3 Na6 16. Rd1 Nc7 17. Bd2 Qd7 18. b3 Rfb8 19. Rab1 a5 20. Kh1 Qc8 21. Nc4
Qa6 22. Na4 Nxc4 (22... Nxa4 23. bxa4) 23. bxc4 Rb7 24. Rxb7 Qxb7 25. Qd3 Rb8
26. Nc3 Bxc3 27. Bxc3 Qb3 28. h4 Qxa3 29. Ra1 Qb3 30. e5 (30. Rxa5 Rb4 (30...
Qb1+ 31. Qxb1 Rxb1+ 32. Kh2 Rc1 33. Ra3) 31. Qh3 (31. Ra7 Rxc4 32. Rxc7 Rxc3
33. Qd2)) 30... dxe5 31. Qe3 f6 32. Rxa5 Qxc4 33. Rxc5 Qxh4+ 34. Qh3 Qxh3+ 35.
gxh3 Ne8 36. Kg2 Nd6 37. Rc7 Rc8 38. Rxc8+ Nxc8 39. Kf3 Kf7 40. Kg4 Nb6 41. h4
Nxd5 42. Bd2 h5+ 43. Kf3 Ke6 44. Ke4 f5+ 45. Kf3 f4 46. Ke4 Nf6+ 47. Kf3 Kf5
48. Bc1 e4+ 49. Kg2 Kg4 50. Bd2 Nd5 0-1

[Event "Sydney International Open"]
[Site "Parramatta, NSW"]
[Date "2009.04.16"]
[Round "4.17"]
[White "Fernandez, Daniel Howard"]
[Black "Minor, Samuel"]
[Result "1-0"]
[WhiteElo "2171"]
[BlackElo "2216"]
[PlyCount "97"]
[EventDate "2009.04.15"]
[EventType "swiss"]
[EventRounds "9"]
[EventCountry "AUS"]
[SourceDate "2009.04.15"]

1. e4 e6 2. d4 d5 3. e5 c5 4. c3 Qb6 5. Nf3 Nc6 6. Bd3 cxd4 7. cxd4 Bd7 8. O-O
Nxd4 9. Nxd4 Qxd4 10. Nc3 a6 11. Qe2 Ne7 12. Kh1 Nc6 13. f4 Bc5 14. a3 Ba7 15.
Bd2 Na5 16. Be1 Qb6 17. Bf2 Qd8 18. Qg4 Bxf2 19. Qxg7 Rf8 20. Rxf2 Qb6 21. Rc2
Nb3 22. Rd1 Nd4 23. Rcd2 Nb3 24. Rc2 Bc6 25. Qf6 Nd4 26. Rf2 Nf5 27. Bxf5 Qxf2
28. Bxe6 d4 29. Nd5 Bxd5 30. Bxd5 Qc2 31. Re1 Qg6 32. Bxb7 Qxf6 33. exf6+ Kd7
34. Bxa8 Rxa8 35. Rd1 Rc8 36. Rxd4+ Ke6 37. h3 Rc2 38. Rb4 Kf5 39. g4+ Kxf6 40.
Rb6+ Kg7 41. b4 a5 42. bxa5 Rc3 43. Kg2 Rxa3 44. a6 h5 45. gxh5 f6 46. h6+ Kxh6
47. Rxf6+ Kh5 48. Rc6 Kh4 49. Rh6# 1-0